1328 1916 1054 1870 1663 1601 1438 1427 1820 1910 1613 1043 1359 1311 1947 1077 1782 1982 1276 1729 1622 1884 1813 1770 1902 1256 1300 1119 1630 1344 1148 1851 1414 1767 1684 1629 1826 1366 1824 1271 1816 1240 1829 1777 1792 1034 1542 1871 1719 1646 1132 1709 1787 1597 1211 1336 1396 1143 1937 1683 1040 1668 1603 1537 1175 1725 1457 1266 1508 1854 1733 1746 1767 1354 1809 1432 1754 1431 1638 1679 1150 1121 1836 1851 1251 1063 1895 1113 1700 1365 1504 1358 1897 1615 1757 1347 1696 1515 1857 BCNSPRNW ULIB Ver.6.0+V

เปลี่ยนเป็นภาษาไทย

Change to English
 แสดงรายละเอียดบรรณานุกรม
  กลับหน้าหลัก

Brief Record : Get Marc (ISO 2709) : E-mail record : QR code < ปิดหน้าต่าง
LEADER : 00000nam 2200000uu 4500
001    13399108162
003     ULIB
008    110220s2549||||th 000 0 tha d
020    9789748817965 (ล.1)
060 04 WY150^bส676 ล.1 2549
245 00 สาระทบทวน :^bการพยาบาลผู้ใหญ่ /^cบรรณาธิการ, ละเอียดแจ่มจันทร์, สุรี ขันธรักษวงศ์
246 30 การพยาบาลผู้ใหญ่
250    พิมพ์ครั้งที่ 2
260    กรุงเทพฯ :^bจุดทอง, ^c2549
300    2 เล่ม ;^c26 ซม.
650  7 การพยาบาลโรคผิวหนัง
650  7 การพยาบาลอายุรศาสตร์
700 0  ละเอียด แจ่มจันทร์,^eบรรณาธิการ
700 0  สุรี ขันธรักษวงศ์,^eบรรณาธิการ
945    ^p0^l0^i019336
995    ทศพร
999 ^a ใช้งานได้ทุกระบบ
รายการนี้ยังไม่มีแท็ก
คุณยังไม่ได้ล็อกอิน คุณสามารถมีกิจกรรมร่วมกับเว็บไซต์ได้ แต่ต้องล็อกอินก่อน ::
  ล็อกอิน

รายการสื่อสารสนเทศ

ลำดับที่ ประเภท เลขเรียก/บาร์โค้ด สถานที่ สถานะ
- ไม่พบข้อมูล -

รายการใกล้เคียง
    หัวเรื่อง [การพยาบาลโรคผิวหนัง]
    หัวเรื่อง [การพยาบาลอายุรศาสตร์]

BibComment


ยังไม่เคยถูกคอมเมนท์

คอมเมนท์ทรัพยากรรายการนี้
  คอมเมนท์: สาระทบทวน การพยา..


 Copyright 2026. Bcnsprnw @Library